| 000 | 00926cam a2200289 a 4500 | ||
|---|---|---|---|
| 999 |
_c1842 _d1842 |
||
| 001 | 4736305 | ||
| 003 | OSt | ||
| 005 | 20210630105029.0 | ||
| 008 | 840516s1983 enka b 001 0 eng | ||
| 010 | _a 84112192 | ||
| 020 | _a0720116732 : | ||
| 040 |
_aDLC _cDLC _dDLC |
||
| 050 | 0 | 0 |
_aZ5185 _b.U5 1983 |
| 082 | 0 | 0 |
_a576/.64/072 _219 |
| 100 | 1 |
_aNicholas, Robin, _d1951- |
|
| 245 | 1 | 0 |
_aVirology : _ban information profile / _cRobin and David Nicholas. |
| 260 |
_aLondon : _bMansell ; _aBronx, N.Y. : _bDistributed in the United States by H.W. Wilson, _c1983. |
||
| 300 |
_aviii, 236 p. : _bill. ; _c24 cm. |
||
| 500 | _aIncludes index. | ||
| 504 | _aBibliography: p. [171]-195. | ||
| 650 | 0 |
_aVirology _xInformation services. |
|
| 650 | 0 | _aBiological literature. | |
| 650 | 0 |
_aVirology _xBibliography. |
|
| 700 | 1 |
_aNicholas, David, _d1947- |
|
| 906 |
_a7 _bcbc _corignew _d3 _encip _f19 _gy-gencatlg |
||
| 942 |
_2lcc _cBK _nSO |
||